| 000 | 00825nam0a2200241 4500 | ||
|---|---|---|---|
| 001 | RU\NLR\BIBL_A\011662669 | ||
| 005 | 20250626104901.0 | ||
| 035 | _a(NLR Aleph) 011662669 | ||
| 090 |
_a11190850 _c11190850 |
||
| 100 | _a20180322d1974 |||y0rusy50 ca | ||
| 101 | 0 | _aabk | |
| 102 | _aRU | ||
| 105 | _ay z 000dy | ||
| 200 | 1 |
_aСара, уара, ҳара, шәара _eасатира _fШоҭа Ҷкадуа |
|
| 210 |
_aАҟәа _cАлашара _d1974 |
||
| 215 |
_a118, [2] с. _d17 |
||
| 541 | 1 |
_aЯ, ты, мы, вы _zrus _eповесть и расказы |
|
| 686 | 1 | _aШ6(2=Аб)7-7 | |
| 700 | 1 |
_4070 _7ca _8rus _aЧкадуа _bШ. Е. _f1932-2003 _gШота Евгеньевич _9238285 _3RU\NLR\AUTH\770238341 |
|
| 852 |
_aNLR _bОНЛ _jАбхаз./2-631 |
||
| 942 | _cBOOK | ||
| 980 | _aNB | ||